Top 50 Adult Animated Films (IMDB) - Statistics

General Stats
  • This quiz has been taken 52 times
    8 since last reset
  • The average score is 3 of 52
Answer Stats
Film Year IMDB % Correct
South Park: Bigger, Longer & Uncut 1999 7.7
63%
Persepolis 2007 8.0
38%
Fantastic Planet 1973 7.7
25%
Mary and Max 2009 8.1
25%
Watership Down 1978 7.5
25%
Isle of Dogs 2018 7.8
13%
Loving Vincent 2017 7.8
13%
Memoir of a Snail 2024 7.8
13%
Pink Floyd: The Wall 1982 8.0
13%
Robot Dreams 2023 7.6
13%
The Breadwinner 2017 7.7
13%
The Plague Dogs 1982 7.7
13%
Aurora's Sunrise 2022 7.9
0%
Batman Beyond: Return of the Joker 2000 7.7
0%
Batman: The Dark Knight Returns, Part 1 2012 7.9
0%
Batman: The Dark Knight Returns, Part 2 2012 8.3
0%
Batman: Under the Red Hood 2010 8.0
0%
Cat City 1986 8.3
0%
Chaar Sahibzaade 2014 7.8
0%
Daria in 'Is It College Yet?' 2002 8.2
0%
Daria in 'Is It Fall Yet?' 2000 8.1
0%
DC Showcase: Death 2019 7.8
0%
Emesis Blue 2023 7.9
0%
Ethel & Ernest 2016 7.7
0%
Film, Film, Film 1968 7.9
0%
Futurama: Bender's Big Score 2007 7.6
0%
I Lost My Body 2019 7.5
0%
Interstella 5555: The 5tory of the 5ecret 5tar 5ystem 2003 7.8
0%
It's Such a Beautiful Day 2012 8.3
0%
Johnny Corncob 1973 7.5
0%
Justice League Dark: Apokolips War 2020 7.7
0%
Justice League: The Flashpoint Paradox 2013 8.1
0%
Logorama 2009 7.5
0%
Mahavatar Narsimha 2024 8.5
0%
Mars Express 2023 7.5
0%
My Life as a Courgette 2016 7.8
0%
Ne Zha 2 2025 7.9
0%
Regular Show: The Movie 2015 7.5
0%
Son of the White Mare 1981 7.8
0%
South Park: Imaginationland! 2008 8.4
0%
South Park: Post COVID 2021 7.5
0%
South Park: Post COVID - The Return of COVID 2021 7.5
0%
Stewie Griffin: The Untold Story 2005 7.5
0%
The Peasants 2023 7.6
0%
The Swallows of Kabul 2019 7.5
0%
The Tragedy of Man 2011 8.0
0%
The Triplets of Belleville 2003 7.7
0%
The Venture Bros.: Radiant Is the Blood of the Baboon Heart 2023 7.9
0%
Waking Life 2001 7.6
0%
When the Wind Blows 1986 7.7
0%
Who Framed Roger Rabbit 1988 7.7
0%
Wrinkles 2011 7.6
0%
No matching quizzes found
Score Distribution
Percent of People with Each Score
Percentile by Number Answered
Your Score History
You have not taken this quiz since the last reset